000 00779cam a22002413a 4500
001 21621
003 PGUSA
005 20140828083448.0
008 070527s2007||||xxu|||||s|||||000 | eng d
040 _aPGUSA
_beng
042 _adc
050 4 _aE660
100 1 _aRutherford, William G.
_q(William Gunion),
_d1853-1907
245 1 4 _aThe Story of Garfield :
_bFarm-boy, Soldier, and President
_h[electronic resource] /
_cWilliam G. Rutherford
260 _bProject Gutenberg,
_c2007
506 _aPublic domain in the USA.
516 _aElectronic text
653 _aPresidents -- United States -- Biography
653 _aGarfield, James A. (James Abram), 1831-1881
830 0 _aProject Gutenberg
_v21621
856 4 0 _uhttp://www.gutenberg.org/ebooks/21621
942 _cEB
999 _c250876
_d250876